| 000 | 00352nam a22001577a 4500 | ||
|---|---|---|---|
| 003 | SGT | ||
| 020 | _a9788131262597 | ||
| 082 |
_a615 _bP20S |
||
| 100 | _aSHANBHAG, TARA V. | ||
| 245 | _aPHARMACOLOGY FOR MEDICAL GRADUATES | ||
| 250 | _a4TH | ||
| 260 |
_aINDIA _bELSEVIER PUG _c2020 |
||
| 300 | _a514 | ||
| 650 | _aPHARMACOLOGY | ||
| 942 |
_2ddc _cBK _0270 |
||
| 999 |
_c20968 _d20968 |
||